10 European nations travelling most, per capita - Statistics

General Stats
  • This quiz has been taken 88 times
  • The average score is 7 of 10
Answer Stats
% European nations % Correct
78,7 France
98%
69,5 Germany
94%
69,2 Sweden
87%
81,1 Finland
83%
89,1 Norway
82%
72,9 Ireland
72%
75,5 Austria
68%
83,1 Luxembourg
63%
74,6 Czechia
60%
83,7 Holland
6%
No matching quizzes found
Score Distribution
Percent of People with Each Score
Percentile by Number Answered
Your Score History
You have not taken this quiz